| Tag |
First Indicator |
Second Indicator |
Subfields |
| LEADER |
00000cas a2200000 a 4500 |
| 001 |
in00000968310 |
| 005 |
20150927071912.0 |
| 007 |
hd afv|||baca |
| 008 |
851125d16421642miuuu p a 0 ua0eng d |
| 010 |
|
|
|a sf 87090145
|
| 035 |
|
|
|a (OCoLC)12844036
|
| 035 |
|
|
|9 AEV0590AM
|
| 037 |
|
|
|a CL0037000007
|b UMI
|
| 037 |
|
|
|b University Microfilms International, 300 N. Zeeb Rd., Ann Arbor, MI 48106.
|
| 040 |
|
|
|a EAA
|c EAA
|d DLC
|d UtOrBLW
|
| 042 |
|
|
|a msc
|
| 049 |
|
|
|a TXAI
|
| 050 |
0 |
0 |
|a Microfilm 05018
|
| 099 |
|
|
|a film
|a B
|a 3609
|
| 245 |
0 |
2 |
|a A Perfect relation or svmmarie of all the declarations, messages, and answers, passages and proceedings between the Kings Majesty and both Houses of Parliament :
|b as also of all newes, letters and informations touching the Earle of Essex and the Earle of Warwickes proceedings and the estate and fortunes of Ireland : with all other remarkable passages which have hapned both by sea and land in these His Majesties dominions and in sundry other forraine parts.
|
| 246 |
1 |
0 |
|a Perfect relation or summarie of all the declarations, messages, and answers, passages and proceedings between the Kings Majesty and both Houses of Parliament
|
| 246 |
1 |
3 |
|a Perfect relation or summary of 50 bookes shewing all the declarations, messages, and answers with their proceedings between the Kings Majesty and both Houses of Parliament
|f no. 2
|
| 264 |
|
3 |
|a London :
|b Printed for Francis Coles ...,
|c 1642.
|
| 300 |
|
|
|a 2 volumes
|
| 336 |
|
|
|a text
|b txt
|2 rdacontent
|
| 337 |
|
|
|a microform
|b h
|2 rdamedia
|
| 338 |
|
|
|a microfilm reel
|b hd
|2 rdacarrier
|
| 362 |
0 |
|
|a Numb. 1 (Sept. 19-29, 1642)-numb. 2 (Sept. 29-Oct. 11, 1642).
|
| 500 |
|
|
|a Title varies slightly.
|
| 533 |
|
|
|a Microfilm.
|b Ann Arbor, Mich. :
|c University Microfilms,
|d 1967.
|e 1 microfilm reel ; 35 mm.
|f (Early English books, 1641-1700 ; 265:E.240, no. 15, no. 39)
|
| 500 |
|
|
|a Reproduction of original in Thomason Collection, British Library; UMI reels listed in chronological order of serial publication; scattered holdings listed.
|
| 500 |
|
|
|a Microform.
|
| 651 |
|
0 |
|a Great Britain
|x History
|y Civil War, 1642-1649
|x Periodicals.
|
| 830 |
|
0 |
|a Early English books, 1641-1700 ;
|v 265:E.240, no. 15, etc.
|
| 999 |
|
|
|a MARS
|
| 999 |
f |
f |
|s a8d7d8e5-2196-37a9-b7e6-f3fe8c21d72a
|i 3efc562c-5ebb-36e3-bd15-a06879632b68
|t 0
|
| 952 |
f |
f |
|p default
|a Texas A&M University
|b College Station
|c Sterling C. Evans Library
|d Evans: Microforms (3rd floor)
|t 0
|e film B 3609
|h Other scheme
|i microform -- microfilm reel
|
| 998 |
f |
f |
|a film B 3609
|t 0
|l Evans: Microforms (3rd floor)
|